00511nam a22001692 4500001001100000005001700011008004100028020001400069040001500083050002000098100004200118245006400160250001300224260005600237300001100293650003700304000000091820151021151050.0070222s xx 000 0 eng d cKES 2,900 aKABUcKABU 0aBT75b.T39 19791 aThiessen, Henry Clarence.@000015991210aLectures in systematic theology /cHenry Clarence Thiessen. arev. ed. aGrand Rapids, Michigan :bW. M. B. Eerdmans,c1979. a454 p. 0aTheology, Doctrinal.@0000100890